Normal view
MARC view
- Donald P. Coduto
Entry Personal Name
001 - CONTROL NUMBER
- control field: 29748
003 - CONTROL NUMBER IDENTIFIER
- control field: NUST
005 - DATE AND TIME OF LATEST TRANSACTION
- control field: 20200902133432.0
008 - FIXED-LENGTH DATA ELEMENTS
- fixed length control field: 200902|| aca||aabn | a|a d
040 ## - CATALOGING SOURCE
- Original cataloging agency: NUST
- Transcribing agency: NUST
100 ## - HEADING--PERSONAL NAME
- Personal name: Donald P. Coduto
670 ## - SOURCE DATA FOUND
- Source citation: Work cat.: (NUST): Donald P. Coduto, Geotechnical Engineering: Principles and Practices , c2017
